01003cam a22002891 4500001001300000003000400013005001700017008004100034010001700075035001900092040002500111041001300136042001200149050001800161100001300179245011100192260005700303300002600360410007100386500004500457504002800502650004600530650003300576650003700609740005000646999001700696sa 68020474 DLC20260227112724.0750605s1958 xx 000 0 ind  asa 68020474  a(OCoLC)1374346 aDLCcCtYdOCoLCdDLC0 aindbeng apremarc00aSD387.L3bS260 aSanjoto.10aMethodik [sic] penjelidikan physiologis dalam kerdja hutan.bMethod of physiological study in forest-work. aRogor,bLembaga Pusat Penjelidikan Kehutanan,c1958. a34 p.billus.c24 cm.20aLembaga Pusat Penjelidikan Kehutanan.tPengumuman istimewavnr. 13 aIn Indonesian ; with summary in English. aBibliography: p. 33-34. 0aForests and forestryxLabor productivity. 0aWorkxPhysiological aspects. 0aForests and forestryzIndonesia.0 aMethod of physiological study in forest-work. c89440d89440